Central Library OPAC University of Rajshahi

The social world of the Florentine humanists, 1390-1460 / (Record no. 27799)

MARC details
000 -LEADER
fixed length control field 00891nam a22002771 4500
001 - CONTROL NUMBER
control field 27799
003 - CONTROL NUMBER IDENTIFIER
rucl marc code BD-RjUL
005 - DATE AND TIME OF LATEST TRANSACTION
control field 20211209051213.0
008 - FIXED-LENGTH DATA ELEMENTS--GENERAL INFORMATION
fixed length control field 140327s1963 enk b 001 0 eng d
035 ## - SYSTEM CONTROL NUMBER
System control number (BD-RjUL)27878
System control number (OCoLC)1396099
040 ## - CATALOGING SOURCE
Original cataloging agency DLC
Transcribing agency OClU
Modifying agency OCoLC
-- DLC
-- BD-RjUL
Language of cataloging eng
041 ## - LANGUAGE CODE
Language code of text/sound track or separate title eng
082 00 - DEWEY DECIMAL CLASSIFICATION NUMBER
Classification number 914.551
Author mark and year MAS 1963
100 1# - MAIN ENTRY--PERSONAL NAME
Personal name Martines, Lauro.
9 (RLIN) 85332
245 14 - TITLE STATEMENT
Title The social world of the Florentine humanists, 1390-1460 /
Statement of responsibility, etc. Lauro Martines.
260 ## - PUBLICATION, DISTRIBUTION, ETC. (IMPRINT)
Place of publication, distribution, etc. London :
Name of publisher, distributor, etc. Routledge & Kegan Paul Ltd.,
Date of publication, distribution, etc. 1963.
300 ## - PHYSICAL DESCRIPTION
Pagination x, 419 p. :
Size 22 cm.
504 ## - BIBLIOGRAPHY, ETC. NOTE
Bibliography, etc Bibliography: p. 381-397. and index.
650 #0 - SUBJECT ADDED ENTRY--TOPICAL TERM
Topical term or geographic name as entry element Humanists
Geographic subdivision Italy
-- Florence.
9 (RLIN) 85333
651 #0 - SUBJECT ADDED ENTRY--GEOGRAPHIC NAME
Geographic name Florence (Italy)
General subdivision Intellectual life
Chronological subdivision To 1500.
9 (RLIN) 85334
Geographic name Florence (Italy)
General subdivision Social life and customs.
9 (RLIN) 85335
942 ## - ADDED ENTRY ELEMENTS (KOHA)
Source of classification or shelving scheme Dewey Decimal Classification
Koha item type Books
Holdings
Lost status Source of classification or shelving scheme Damaged status Not for loan Collection code Permanent Location Current Location Shelving location Date acquired Source of acquisition Cost, normal purchase price Total Checkouts Full call number Date last seen Copy number Koha item type
  Dewey Decimal Classification   Added to bundle Non-fiction Central Library, University of Rajshahi Central Library, University of Rajshahi Reading Room 27/08/1971 Paramount Book Corporation. 41.25   914.551 MAS 1963 27/03/2014 C-1 Books